00324pab a2200121 454500008004000000245004800040260000900088300001400097362001100111650001800122650002800140773003400168180718b1995 xxu||||| |||| 00| 0 eng d aREVIEW of women studies (a special feature) c1995 ap.WS50-92 a28 Oct aWomen - India aWomen's studies - India aEconomic and Political Weekly